00917 a2200169 45000010006000000050017000060080041000230030015000640400040000790800134001192450065002532640055003183000019003735050243003921000017006358560095006524768020260407155743.0260407a1977 arg spa dAR-UNSa-BCEJYS aAR-UNSa-BCEJYSbspacAR-UNSa-BCEJYS a338.2(82)xPolítica económica. Control de la economía. Gestión de la economía. Planificación económica en Argentina10aCrisis y alternativas de la política económica argentina 1aBuenos Aires :bFondo de Cultura Económicac1977 a123 p.c21 cm. a1. La economía política del peronismos - 2. La economía política del liberalismo - 3. Hiperinflación con receso: alternativas frente a la crisis - 4. El circulo vicioso liberalismo-populismo: elementos de un curso alternativo - 1 aFerrer, Aldo41uhttps://biblioeco.unsa.edu.ar/pmb/images/libros/L127646.jpgyImagen de portadaqimage/jpeg